|
|
|
|
| LEADER |
00000cam a2200000 a 4500 |
| 001 |
vtls001083995 |
| 003 |
SK-MaSNL |
| 005 |
20260302095111.0 |
| 008 |
240226s1986 xo dl drp 000 0 slo |
| 015 |
|
|
|a SNBA1987/04
|
| 020 |
|
|
|q (viazané)
|
| 035 |
|
|
|a SNK000026833
|
| 035 |
|
|
|a 9B3A1E4C-72FA-4323-8114-5F98E254FA40
|
| 035 |
|
|
|a urn:nbn:sk:snk-am00ige5
|
| 040 |
|
|
|a SNK
|b slo
|c SNK
|e AACR2
|
| 041 |
0 |
|
|a slo
|
| 044 |
|
|
|a xo
|c SK
|
| 072 |
|
7 |
|a 514
|x Geometria
|2 konspekt
|
| 072 |
|
7 |
|a 37.016
|x Učebné osnovy. Vyučovacie predmety. Učebnice
|2 konspekt
|
| 080 |
|
|
|a 514.18(075.3)
|2 1997
|
| 080 |
|
|
|a 514.18
|2 2011
|
| 080 |
|
|
|a (075.3)
|2 2011
|
| 100 |
1 |
|
|a Medek, Václav,
|d 1923-1992
|4 aut
|9 207536
|
| 245 |
1 |
0 |
|a Deskriptívna geometria pre gymnáziá
|b (nepovinný a voliteľný predmet)
|c Václav Medek, Ondrej Šedivý
|
| 250 |
|
|
|a 1. vyd.
|
| 260 |
|
|
|a Bratislava
|b Slovenské pedagogické nakladateľstvo
|c 1986
|e Bratislava
|f Pravda
|
| 300 |
|
|
|a 183 strán
|b grafy, schémy
|c 21 cm
|
| 366 |
|
|
|e 11800 výtl.
|
| 650 |
0 |
7 |
|a deskriptívna geometria
|2 SNKPH
|9 831
|
| 655 |
|
7 |
|a učebnice stredných škôl
|2 SNKPH
|9 69323
|
| 700 |
1 |
|
|a Šedivý, Ondrej,
|d 1935-
|4 aut
|9 215415
|
| 852 |
|
|
|a Slovenská národná knižnica
|
| 954 |
|
|
|a odborná, vedecká literatúra pôvodná (slovenská)
|2 lita
|
| 958 |
|
|
|a OND
|
| 958 |
|
|
|a UC
|
| 958 |
|
|
|a TL
|
| 958 |
|
|
|a EUIPO
|
| 999 |
|
|
|c 1215721
|d 1217651
|
| 952 |
|
|
|a SNK
|b SNK
|y PREZ
|7 0
|p 17A0934786
|o snkSC 68061
|i snkKSP 1378/87
|0 0
|1 0
|4 0
|d 2012-08-22
|f 1
|l 0
|r 2025-07-10 00:00:00
|w 2026-02-24
|
| 952 |
|
|
|a SNK
|b SNK
|y VYP
|7 0
|p 17A0012720
|o snkSC 68061 D1
|0 0
|1 0
|4 0
|d 1996-10-08
|l 0
|r 2004-12-31 00:00:00
|w 2026-02-24
|